[Event "Dos Hermanas-A"]
[Site "Dos Hermanas"]
[Date "2003.04.04"]
[Round "8"]
[White "Shirov, Alexei"]
[Black "Campora, Daniel Hugo"]
[Result "0-1"]
[WhiteElo "2723"]
[BlackElo "2505"]
[PlyCount "126"]
[EventDate "2003.03.28"]
[Source "ChessBase"]
[SourceDate "2003.07.25"]

1. e4 e5 2. Nf3 Nc6 3. Bb5 Nf6 4. O-O d6 5. d4 Bd7 6. Nc3 Be7 7. b3 O-O 8. Bb2 exd4 9. Nxd4 Nxd4 10. Qxd4 Bxb5 11. Nxb5 c6 12. Nc3 Re8 13. Rad1 Bf8 14. Rfe1 Qa5 15. Qd2 Re6 16. f3 Rae8 17. Kh1 Nd7 18. a3 f5 19. Qg5 Qe5 20. Qc1 fxe4 21. Nxe4 Qf5 22. c4 h6 23. Bd4 a6 24. a4 Qf7 25. h3 Ne5 26. Qc3 Ng6 27. Bg1 Nf4 28. Bh2 d5 29. cxd5 cxd5 30. Nf2 Ne2 31. Qd2 Bc5 32. Ng4 Nd4 33. Rxe6 Qxe6 34. Qc3 Qb6 35. Be5 Qxb3 36. Qd2 Nxf3 37. gxf3 Qxf3+ 38. Kh2 h5 39. Qxd5+ Qxd5 40. Rxd5 b6 41. Kg2 hxg4 42. hxg4 Kf7 43. Kf3 Rc8 44. Rd3 Be7 45. Rb3 Rc6 46. Bd4 Bd8 47. Ke4 Re6+ 48. Kd5 Rg6 49. Rf3+ Ke8 50. Rf4 Bc7 51. Re4+ Kd7 52. Kc4 Rc6+ 53. Kd5 Rd6+ 54. Kc4 g6 55. Be3 Re6 56. Rd4+ Kc6 57. Bh6 Bd6 58. g5 Re3 59. Rd3 Rxd3 60. Kxd3 Kd5 61. Bg7 Be7 62. Bd4 b5 63. axb5 axb5 0-1

[Event "Ch (Men) San Luis ARG"]
[Site "?"]
[Date "2006.05.06"]
[Round "11"]
[White "Felgaer Ruben"]
[Black "Campora Daniel Hugo"]
[Result "1-0"]
[WhiteElo "2580"]
[BlackElo "2552"]
[PlyCount "71"]
[EventDate "2006.??.??"]
[Source "www.chesslib.no"]
[SourceDate "2004.05.04"]

1. e4 e5 2. Nf3 Nc6 3. Bb5 Nf6 4. O-O d6 5. d4 Bd7 6. Nc3 Be7 7. Bxc6 Bxc6 8. Qd3 exd4 9. Nxd4 Bd7 10. b3 O-O 11. Bb2 Re8 12. f4 Bf8 13. Rae1 c6 14. Kh1 Qa5 15. Qg3 c5 16. Nf3 Bc6 17. e5 Nh5 18. Qg4 g6 19. f5 dxe5 20. fxg6 hxg6 21. Nxe5 Qc7 22. Qc4 b5 23. Nxb5 Bxb5 24. Qxb5 Bg7 25. Nd3 Rxe1 26. Rxe1 c4 27. Re8+ Rxe8 28. Qxe8+ Kh7 29. Bxg7 Nxg7 30. Qe5 Qb6 31. Nc5 cxb3 32. axb3 Qc6 33. Ne4 Qa6 34. Nf6+ Kh6 35. Qe3+ g5 36. Qh3+ 1-0

[Event "II Torneo de las Américas"]
[Site "Buenos Aires"]
[Date "2003.08.23"]
[Round "6"]
[White "Vescovi, Giovanni Portilho"]
[Black "Campora, Daniel Hugo"]
[Result "1/2-1/2"]
[WhiteElo "2618"]
[BlackElo "2510"]
[PlyCount "82"]
[EventDate "2003.08.17"]
[Source "Roberto Alvarez"]
[SourceDate "2003.09.01"]

1. e4 e5 2. Nf3 Nc6 3. Bb5 Nf6 4. O-O d6 5. d4 Bd7 6. Nc3 Be7 7. Re1 exd4 8. Nxd4 Nxd4 9. Bxd7+ Nxd7 10. Qxd4 O-O 11. Nd5 Re8 12. b3 Bf6 13. Nxf6+ Qxf6 14. Bb2 Qxd4 15. Bxd4 a5 16. a4 Re6 17. f3 Rae8 18. Kf2 f6 19. Rad1 b6 20. Bc3 Kf7 21. Rd5 Nc5 22. Rdd1 R6e7 23. Bd4 h6 24. g4 h5 25. h3 Rh8 26. Rg1 Ne6 27. Be3 g5 28. h4 hxg4 29. Rxg4 gxh4 30. Rh1 h3 31. Rg3 Ng7 32. Rhxh3 Rxh3 33. Rxh3 f5 34. Bd4 fxe4 35. Rh7 Kg6 36. Rxg7+ Rxg7 37. Bxg7 Kxg7 38. fxe4 Kf6 39. c3 Ke5 40. Ke3 c6 41. Kd3 d5 1/2-1/2

[Event "13 open"]
[Site "Castellar del Vallés"]
[Date "2004.07.21"]
[Round "8.1"]
[White "Korneev, Oleg"]
[Black "Comas Fabrego, Luis"]
[Result "1/2-1/2"]
[WhiteElo "2587"]
[BlackElo "2490"]
[PlyCount "85"]
[EventDate "2004.07.14"]
[Source "Roberto Alvarez"]
[SourceDate "2003.08.04"]

1. e4 e5 2. Nf3 Nc6 3. Bb5 Nf6 4. O-O d6 5. d4 Bd7 6. Nc3 Be7 7. Bxc6 Bxc6 8. Qd3 exd4 9. Nxd4 Bd7 10. Bg5 O-O 11. Rad1 Re8 12. Rfe1 Ng4 13. Bxe7 Qxe7 14. Nd5 Qd8 15. h3 Nf6 16. c4 c6 17. Nxf6+ Qxf6 18. b3 Rad8 19. Re3 Bc8 20. Ne2 a6 21. a4 Qg5 22. Qd4 f5 23. Rg3 Qh6 24. Nc3 f4 25. Rf3 Qh4 26. Rfd3 Re6 27. e5 Rg6 28. Qe4 Rf8 29. Rxd6 Rxg2+ 30. Qxg2 Bxh3 31. Qh1 Rf5 32. Rd8+ Kf7 33. R8d7+ Kf8 34. Rd8+ Kf7 35. e6+ Kg6 36. Qe4 Kh6 37. Ne2 Rg5+ 38. Ng3 Rxg3+ 39. fxg3 Qxg3+ 40. Kh1 f3 41. Qe3+ g5 42. R8d2 Bg2+ 43. Kg1 1/2-1/2

[Event "Osijek"]
[Site "?"]
[Date "1978.04.10"]
[Round "4"]
[White "Velimirovic Dragoljub"]
[Black "Ivkov Borislav"]
[Result "1/2-1/2"]
[WhiteElo "2520"]
[BlackElo "2515"]
[PlyCount "32"]
[EventDate "1978.??.??"]
[Source "www.chesslib.no"]
[SourceDate "2004.05.04"]

1. e4 e5 2. Nf3 Nc6 3. Bb5 Nf6 4. O-O d6 5. d4 Bd7 6. Nc3 Be7 7. Re1 Nxd4 8. Nxd4 exd4 9. Qxd4 Bxb5 10. Nxb5 O-O 11. Bg5 a6 12. Nc3 Re8 13. Rad1 h6 14. Bh4 Nd7 15. Bxe7 Rxe7 16. Nd5 Re6 1/2-1/2

[Event "SLO-chT"]
[Site "Celje"]
[Date "2004.12.02"]
[Round "5"]
[White "Naiditsch, Arkadij"]
[Black "Sebenik, Matej"]
[Result "1-0"]
[WhiteElo "2611"]
[BlackElo "2413"]
[PlyCount "83"]
[EventDate "2004.11.29"]
[Source "Roberto Alvarez"]
[SourceDate "2004.12.06"]

1. e4 e5 2. Nf3 Nc6 3. Bb5 Nf6 4. O-O d6 5. d4 Bd7 6. Nc3 Be7 7. d5 Nb8 8. a4 O-O 9. h3 c6 10. dxc6 Bxc6 11. Qd3 Nbd7 12. Be3 Qc7 13. Rfd1 Rfc8 14. Nd2 a6 15. Bxc6 Qxc6 16. a5 Nc5 17. Bxc5 Qxc5 18. Ra4 Qc6 19. Rc4 Qd7 20. Rxc8+ Rxc8 21. Nc4 Qe6 22. Nb6 Rc6 23. Ncd5 Bd8 24. Nc4 g6 25. b3 Kg7 26. Nxf6 Kxf6 27. f4 Be7 28. f5 Qc8 29. Nb6 Qd8 30. Rf1 Kg7 31. Nd5 Bg5 32. c4 f6 33. g3 Qxa5 34. h4 Bh6 35. fxg6 hxg6 36. Qf3 Qd8 37. Qg4 Qc8 38. Rf5 b5 39. h5 Bg5 40. Nxf6 gxf5 41. Qxg5+ Kf7 42. Qg6+ 1-0

[Event "ESP-chT Div 1"]
[Site "Cala Galdana"]
[Date "1999.11.15"]
[Round "8"]
[White "Rodriguez, Amador"]
[Black "Campora, Daniel H"]
[Result "1/2-1/2"]
[WhiteElo "2477"]
[BlackElo "2543"]
[PlyCount "49"]
[EventDate "1999.11.08"]
[Source "www.chesslib.no"]
[SourceDate "2004.05.04"]

1. e4 e5 2. Nf3 Nc6 3. Bb5 Nf6 4. O-O d6 5. d4 Bd7 6. Nc3 Be7 7. Re1 exd4 8. Nxd4 Nxd4 9. Bxd7+ Nxd7 10. Qxd4 Bf6 11. Qb4 Bxc3 12. Qxc3 O-O 13. Be3 b6 14. Bd4 f6 15. Rad1 Rf7 16. f4 Qc8 17. Qc6 Nf8 18. e5 dxe5 19. fxe5 Qe8 20. Qxe8 Rxe8 21. exf6 Rxe1+ 22. Rxe1 gxf6 23. Bc3 Kg7 24. Kf2 Rd7 25. Kf3 1/2-1/2

[Event "Mario Covas 3rd"]
[Site "Santos"]
[Date "2003.04.22"]
[Round "1"]
[White "Leitao, Rafael"]
[Black "Hoffman, Alejandro"]
[Result "1/2-1/2"]
[WhiteElo "2533"]
[BlackElo "2485"]
[PlyCount "43"]
[EventDate "2003.04.22"]
[Source "ChessBase"]
[SourceDate "2003.07.25"]

1. e4 e5 2. Nf3 Nc6 3. Bb5 Nf6 4. O-O d6 5. d4 Bd7 6. Nc3 Be7 7. Re1 exd4 8. Nxd4 Nxd4 9. Bxd7+ Nxd7 10. Qxd4 O-O 11. Nd5 Bf6 12. Nxf6+ Qxf6 13. Qxf6 Nxf6 14. b3 Rfe8 15. f3 a5 16. a4 Nd7 17. Bb2 f6 18. Kf2 Kf7 19. Rad1 b6 20. Rd5 Ne5 21. h3 Re6 22. Red1 1/2-1/2

[Event "Saint John op-2"]
[Site "Saint John"]
[Date "1988.??.??"]
[Round "?"]
[White "Lau, Ralf"]
[Black "Lein, Anatoly"]
[Result "1/2-1/2"]
[WhiteElo "2540"]
[BlackElo "2475"]
[PlyCount "70"]
[EventDate "1988.01.??"]
[Source "ChessBase"]

1. e4 e5 2. Nf3 Nc6 3. Bb5 Nf6 4. O-O d6 5. d4 Bd7 6. Nc3 Be7 7. Re1 exd4 8. Nxd4 O-O 9. Bxc6 bxc6 10. h3 Re8 11. Bf4 Qb8 12. Rb1 Qb7 13. e5 dxe5 14. Bxe5 Nd5 15. Qf3 f6 16. Nxd5 cxd5 17. Bxc7 Bc5 18. Nb3 Bb4 19. c3 Bf8 20. Bf4 Bf5 21. Rbc1 Be4 22. Qd1 a5 23. f3 Bg6 24. Qd2 a4 25. Nd4 Bc5 26. Kh2 Bxd4 27. cxd4 Rxe1 28. Qxe1 Re8 29. Qd2 h5 30. Rc7 Qb5 31. Rc5 Qf1 32. Be3 Qd3 33. Rc3 Qxd2 34. Bxd2 Re2 35. Bc1 Bb1 1/2-1/2

[Event "It (Open) Dos Hermanas ESP"]
[Site "?"]
[Date "2006.04.03"]
[Round "5"]
[White "De la Villa Garcia Jesus Mari"]
[Black "Campora Daniel Hugo"]
[Result "0-1"]
[WhiteElo "2451"]
[BlackElo "2541"]
[PlyCount "150"]
[EventDate "2006.??.??"]
[Source "www.chesslib.no"]
[SourceDate "2004.05.04"]

1. e4 e5 2. Nf3 Nc6 3. Bb5 Nf6 4. O-O d6 5. d4 Bd7 6. Nc3 Be7 7. Re1 exd4 8. Nxd4 Nxd4 9. Qxd4 Bxb5 10. Nxb5 O-O 11. Bf4 a6 12. Nc3 Re8 13. Rad1 h6 14. h3 Bf8 15. a4 Nd7 16. Nd5 c6 17. Ne3 Nc5 18. Nf5 Ne6 19. Qe3 Nxf4 20. Qxf4 Qf6 21. b3 Re6 22. Qf3 Rae8 23. Re3 g6 24. Nd4 Qxf3 25. gxf3 Re5 26. c4 h5 27. Red3 d5 28. exd5 cxd5 29. cxd5 Rxd5 30. Nc2 Rxd3 31. Rxd3 Rc8 32. Ne3 Rc1+ 33. Kg2 Rb1 34. f4 Bc5 35. Nc4 Kf8 36. Ne5 Ke8 37. Rc3 Bd6 38. Kf3 Ke7 39. Nc4 b5 40. axb5 axb5 41. Nb6 Rh1 42. Re3+ Kd8 43. Ke4 Rd1 44. Rc3 f5+ 45. Ke3 Re1+ 46. Kf3 Re4 47. Rd3 Kc7 48. Nd5+ Kc6 49. h4 Kc5 50. b4+ Kc6 51. Rd1 Bxb4 52. Nxb4+ Rxb4 53. Rg1 Rd4 54. Rxg6+ Rd6 55. Rg5 b4 56. Rxf5 b3 57. Rf8 Kc5 58. Rc8+ Rc6 59. Rb8 Rb6 60. Rc8+ Kd4 61. Rd8+ Kc3 62. Rc8+ Kb4 63. Rc1 b2 64. Rb1 Kc3 65. f5 Rb4 66. f6 Rb6 67. Kf4 Rxf6+ 68. Kg5 Rxf2 69. Rg1 Rc2 70. Kxh5 Rc1 71. Rg3+ Kd4 72. Rb3 b1=Q 73. Rxb1 Rxb1 74. Kg6 Rg1+ 75. Kf6 Rh1 0-1

[Event "ch-ARG Superior 2003"]
[Site "Caseros"]
[Date "2003.09.07"]
[Round "5.3"]
[White "Felgaer, Ruben"]
[Black "Rubinetti, Jorge"]
[Result "1/2-1/2"]
[WhiteElo "2551"]
[BlackElo "2438"]
[PlyCount "102"]
[EventDate "2003.09.03"]
[Source "Roberto Alvarez"]
[SourceDate "2003.09.15"]

1. e4 e5 2. Nf3 Nc6 3. Bb5 Nf6 4. O-O d6 5. d4 Bd7 6. Nc3 Be7 7. Bxc6 Bxc6 8. Qd3 Nd7 9. Be3 exd4 10. Nxd4 O-O 11. Rad1 Bf6 12. Nd5 Bxd5 13. exd5 Re8 14. h3 a6 15. c4 Nc5 16. Qc2 Bg5 17. Bxg5 Qxg5 18. b4 Nd7 19. Rd3 Qf6 20. c5 Ne5 21. Re3 Ng6 22. Nf5 Re5 23. Rf3 Qd8 24. Rd1 Qd7 25. Ne3 Rae8 26. Rd4 Qd8 27. a4 Nh4 28. Rg3 Qf6 29. Rdg4 g6 30. Qc4 Nf5 31. Rf3 Nxe3 32. Rxf6 Nxc4 33. Rxc4 Rxd5 34. cxd6 Rxd6 35. Rxd6 cxd6 36. Rc7 Re1+ 37. Kh2 b5 38. Rc6 Re4 39. Rxa6 Rxb4 40. axb5 d5 41. Rb6 Kg7 42. Kg3 h5 43. Kf3 h4 44. Ke3 Rb2 45. Kf3 g5 46. g3 hxg3 47. Kxg3 f6 48. Rb8 Kg6 49. b6 Kf5 50. b7 d4 51. Rd8 Rxb7 1/2-1/2

[Event "Biel"]
[Site "Biel"]
[Date "1983.??.??"]
[Round "?"]
[White "Kindermann, Stefan"]
[Black "Campora, Daniel Hugo"]
[Result "1-0"]
[WhiteElo "2500"]
[BlackElo "2485"]
[PlyCount "99"]
[EventDate "1983.07.??"]
[Source "ChessBase"]

1. e4 e5 2. Nf3 Nc6 3. Bb5 Nf6 4. O-O d6 5. d4 Bd7 6. Nc3 Be7 7. Re1 exd4 8. Nxd4 O-O 9. Bxc6 bxc6 10. Qf3 Re8 11. b3 c5 12. Nf5 Bxf5 13. Qxf5 Qd7 14. Qxd7 Nxd7 15. Nd5 Bd8 16. Bb2 a5 17. a4 c4 18. bxc4 Ra6 19. Bc3 Kf8 20. f3 c6 21. Nf4 f6 22. Nd3 Bc7 23. Reb1 Rb8 24. Rxb8+ Bxb8 25. Kf1 Ke7 26. Rb1 Ba7 27. Rb3 Kd8 28. g4 h6 29. h4 Nb6 30. Nb2 Nd7 31. Ke2 Nc5 32. Ra3 Ne6 33. Nd3 Bd4 34. Bd2 Ke7 35. Nf4 Nxf4+ 36. Bxf4 Ra8 37. Bd2 Bb6 38. Rb3 Ra6 39. Rb1 Ra8 40. Rh1 Kd7 41. Bc3 Ra7 42. f4 Bd8 43. Rd1 c5 44. e5 Be7 45. f5 fxe5 46. Bxe5 Bf8 47. Bc3 Kc6 48. Kf3 Rf7 49. Kf4 Be7 50. g5 1-0

[Event "49. TCh-ESP Honor 2"]
[Site "?"]
[Date "2005.09.02"]
[Round "3"]
[White "Arizmendi Martinez Julen L"]
[Black "Hoffman Alejandro"]
[Result "1-0"]
[WhiteElo "2504"]
[BlackElo "2479"]
[PlyCount "85"]
[EventDate "2005.??.??"]
[Source "www.chesslib.no"]
[SourceDate "2004.05.04"]

1. e4 e5 2. Nf3 Nc6 3. Bb5 Nf6 4. O-O d6 5. d4 Bd7 6. Nc3 Be7 7. Qd3 Nxd4 8. Nxd4 exd4 9. Qxd4 Bxb5 10. Nxb5 O-O 11. Bg5 h6 12. Bh4 c6 13. Nc3 Re8 14. Rfe1 Ng4 15. Bxe7 Qxe7 16. Rad1 Qh4 17. h3 Ne5 18. Qxd6 Re6 19. Qd4 Nf3+ 20. gxf3 Qxh3 21. Ne2 Rg6+ 22. Ng3 h5 23. Qe5 h4 24. Qf5 Qxf5 25. exf5 Rg5 26. f4 Rg4 27. Kg2 g5 28. fxg6 hxg3 29. fxg3 Rxg6 30. Rd7 b5 31. Ree7 Rf6 32. Kf3 a5 33. g4 Rf8 34. g5 Rf5 35. Kg4 Rc5 36. g6 Kg7 37. f5 Kh6 38. Rxf7 Rc4+ 39. Kf3 Re8 40. Rfe7 Rf8 41. Rf7 Re8 42. Rd2 Ree4 43. Rh2+ 1-0

[Event "IX Abierto Villa de Coria del Rio"]
[Site "Sevilla"]
[Date "2003.??.??"]
[Round "5"]
[White "Cheparinov, Ivan"]
[Black "Campora, Daniel Hugo"]
[Result "1-0"]
[WhiteElo "2478"]
[BlackElo "2505"]
[PlyCount "202"]
[EventDate "2003.02.13"]
[Source "Roberto Alvarez"]
[SourceDate "2003.02.24"]

1. e4 e5 2. Nf3 Nc6 3. Bb5 Nf6 4. O-O d6 5. d4 Bd7 6. Nc3 Be7 7. Re1 exd4 8. Nxd4 Nxd4 9. Qxd4 Bxb5 10. Nxb5 O-O 11. Bf4 Nh5 12. Be3 c6 13. Nc3 Re8 14. Rad1 Qc8 15. Qd3 Bf8 16. f3 Nf6 17. Bd4 Nd7 18. f4 b5 19. b3 Qb7 20. Qf3 b4 21. Na4 c5 22. Bf2 Nb6 23. Nb2 f5 24. e5 Qxf3 25. gxf3 d5 26. Ra1 d4 27. a3 a5 28. a4 Re6 29. Rad1 Be7 30. Nc4 Kf7 31. Bg3 Ra6 32. Rd2 Rh6 33. Rde2 Ke6 34. Rf2 Nd5 35. Rg2 Rh5 36. Rd2 Ra8 37. Red1 g6 38. Kh1 Bf8 39. Nb2 Bh6 40. Nd3 Rc8 41. Rf1 Ne3 42. Rff2 Bf8 43. Nb2 Be7 44. Nc4 Ra8 45. Rde2 Nd5 46. Rf1 Ra6 47. Rg2 Bf8 48. Re2 Ra7 49. Nb2 Ra8 50. Rg1 Bh6 51. Nd3 Rc8 52. Rd2 Bf8 53. Nb2 Be7 54. Rf1 Bh4 55. Kg1 g5 56. fxg5 Rxg5 57. Kf2 Bxg3+ 58. hxg3 Rcg8 59. Rh1 Rxg3 60. Nd3 Rg2+ 61. Ke1 Rg1+ 62. Rxg1 Rxg1+ 63. Kf2 Rg7 64. f4 Rc7 65. Kf3 Ne3 66. Rh2 Ng4 67. Rh1 c4 68. bxc4 Rxc4 69. Rxh7 Rxc2 70. Ra7 Nh2+ 71. Kg3 Rc3 72. Kxh2 Rxd3 73. Ra6+ Ke7 74. Rxa5 Re3 75. Ra7+ Ke6 76. Rb7 b3 77. a5 Kd5 78. a6 Re2+ 79. Kg3 Ra2 80. Rxb3 Rxa6 81. Kf3 Kc4 82. Rb8 Ra3+ 83. Ke2 Re3+ 84. Kd2 Rh3 85. Rc8+ Kd5 86. Rd8+ Ke4 87. e6 Rh2+ 88. Kc1 Rh1+ 89. Kd2 Rh2+ 90. Kc1 Rh7 91. Kd2 Re7 92. Rd6 Ra7 93. Rd7 Ra2+ 94. Kc1 Kd3 95. Rd5 Ra1+ 96. Kb2 Ra8 97. Rxf5 Kd2 98. e7 Rb8+ 99. Ka3 Ra8+ 100. Kb4 Re8 101. Re5 d3 1-0

[Event "Naleczow"]
[Site "Naleczow"]
[Date "1979.??.??"]
[Round "13"]
[White "Ivanovic, Bozidar"]
[Black "Tseitlin, Mikhail S"]
[Result "1/2-1/2"]
[WhiteElo "2460"]
[BlackElo "2505"]
[PlyCount "93"]
[EventDate "1979.07.??"]
[Source "ChessBase"]

1. e4 e5 2. Nf3 Nc6 3. Bb5 Nf6 4. O-O d6 5. d4 Bd7 6. Nc3 Be7 7. Bxc6 Bxc6 8. Re1 exd4 9. Nxd4 Bd7 10. Qf3 O-O 11. b3 Re8 12. h3 c6 13. Bf4 Qa5 14. Rad1 Rad8 15. Re3 Qh5 16. Red3 Qg6 17. Bg3 d5 18. exd5 Nxd5 19. Nxd5 cxd5 20. Ne2 Bb5 21. Nf4 Qe4 22. Rd4 Qxf3 23. gxf3 Bf6 24. Rxd5 Bc6 25. Rxd8 Rxd8 26. Rxd8+ Bxd8 27. Kg2 g5 28. Nd3 f5 29. Bb8 a6 30. Ne5 Bd5 31. c4 Be6 32. f4 g4 33. hxg4 fxg4 34. f3 gxf3+ 35. Kxf3 Bf5 36. b4 Kf8 37. Ke3 h5 38. Nf3 h4 39. Nd4 Bg4 40. a4 h3 41. f5 Be7 42. c5 Ke8 43. Ke4 Bd1 44. a5 Kd7 45. Nf3 Bf6 46. Nd4 Bg5 47. Bh2 1/2-1/2

[Event "IBM"]
[Site "Amsterdam"]
[Date "1975.??.??"]
[Round "4"]
[White "Hamann, Svend"]
[Black "Ree, Hans"]
[Result "1-0"]
[WhiteElo "2485"]
[BlackElo "2470"]
[PlyCount "63"]
[EventDate "1975.??.??"]
[Source "ChessBase"]

1. e4 e5 2. Nf3 Nc6 3. Bb5 Nf6 4. O-O d6 5. d4 Bd7 6. Nc3 Be7 7. Bxc6 Bxc6 8. Qd3 exd4 9. Nxd4 Bd7 10. b3 O-O 11. Bb2 Re8 12. Rae1 Bf8 13. f4 g6 14. e5 Ng4 15. Ne4 dxe5 16. h3 Nf6 17. fxe5 Nxe4 18. Qxe4 Bc5 19. Qd5 Bxd4+ 20. Bxd4 Be6 21. Qe4 Qd5 22. Qf4 Rad8 23. Bf2 b6 24. Kh2 Rd7 25. Bh4 Qc5 26. Bf6 Rd4 27. Qg5 a5 28. Rd1 Rxd1 29. Rxd1 h5 30. Rd4 Rc8 31. Qh6 Qf8 32. Qh8# 1-0

[Event "ESP Team Ch"]
[Site "?"]
[Date "2002.12.03"]
[Round "4"]
[White "Baron Rodriguez Jesus"]
[Black "Campora Daniel H"]
[Result "0-1"]
[WhiteElo "2412"]
[BlackElo "2542"]
[PlyCount "200"]
[EventDate "2002.??.??"]
[Source "www.chesslib.no"]
[SourceDate "2004.05.04"]

1. e4 e5 2. Nf3 Nc6 3. Bb5 Nf6 4. O-O d6 5. d4 Bd7 6. Nc3 Be7 7. Re1 exd4 8. Nxd4 Nxd4 9. Qxd4 Bxb5 10. Nxb5 O-O 11. Bg5 h6 12. Bh4 c6 13. Nc3 Qb6 14. Rad1 Rfe8 15. Qxb6 axb6 16. a4 Kf8 17. Rd4 g5 18. Bg3 d5 19. exd5 Bb4 20. Rxe8+ Rxe8 21. Kf1 Bxc3 22. bxc3 Nxd5 23. Bd6+ Kg7 24. c4 Nc3 25. c5 b5 26. axb5 Nxb5 27. Rb4 Re6 28. Bb8 Kf6 29. f3 Re7 30. h4 Rd7 31. hxg5+ hxg5 32. c4 Nd4 33. Rb2 Ne6 34. Bd6 g4 35. Kf2 Kf5 36. Ke3 gxf3 37. gxf3 f6 38. Rb1 Rh7 39. Rb2 Ng5 40. Rh2 Rxh2 41. Bxh2 Nf7 42. Kd4 Nd8 43. Bd6 Ne6+ 44. Ke3 Ng7 45. Bb8 Ke6 46. Kf4 Nf5 47. Ke4 Ne7 48. Bd6 Ng6 49. Bb8 Nf8 50. Kd4 Kf5 51. Bd6 Ng6 52. Bg3 Kg5 53. Ke3 f5 54. Bc7 Kh4 55. Bd6 Kh3 56. Kf2 Kh4 57. Ke3 Kg5 58. Bc7 Nf8 59. Bd6 Ne6 60. Be7+ Kg6 61. Bd6 Kf6 62. Kd3 Kf7 63. Ke3 Ke8 64. Kd3 Kd7 65. Ke2 b6 66. Ke3 bxc5 67. Be5 Ke7 68. f4 Nf8 69. Bc3 Kf7 70. Ba5 Kg6 71. Bd8 Kh5 72. Be7 Nd7 73. Kf3 Nb6 74. Bxc5 Nxc4 75. Be7 Nd2+ 76. Ke3 Ne4 77. Bd8 Kg4 78. Bc7 Nf6 79. Kd4 Nd7 80. Bd6 Kf3 81. Bc7 Kg4 82. Bd6 Kh5 83. Bc7 Kg6 84. Bd6 Kf7 85. Bc7 Ke6 86. Kc4 Nf8 87. Be5 Kd7 88. Kc5 Ng6 89. Bb8 Nh4 90. Kb6 Nf3 91. Bc7 c5 92. Kb7 c4 93. Ba5 Nd4 94. Kb6 Kd6 95. Bc3 Kd5 96. Ka5 Ne2 97. Kb4 Nxc3 98. Kxc3 Kc5 99. Kc2 Kd4 100. Kd2 Ke4 0-1

[Event "Coria del Rio SPA"]
[Site "?"]
[Date "2005.02.17"]
[Round "9"]
[White "Teran Ismael"]
[Black "Campora Daniel"]
[Result "1/2-1/2"]
[WhiteElo "2422"]
[BlackElo "2529"]
[PlyCount "22"]
[EventDate "2005.??.??"]
[Source "www.chesslib.no"]
[SourceDate "2004.05.04"]

1. e4 e5 2. Nf3 Nc6 3. Bb5 Nf6 4. O-O d6 5. d4 Bd7 6. Nc3 Be7 7. Bxc6 Bxc6 8. Qd3 exd4 9. Nxd4 Bd7 10. b3 O-O 11. Bb2 Re8 1/2-1/2

[Event "Nis"]
[Site "Nis YUG"]
[Date "1985.??.??"]
[Round "12"]
[White "Jansa, Vlastimil"]
[Black "Campora, Daniel H"]
[Result "1-0"]
[WhiteElo "2465"]
[BlackElo "2485"]
[PlyCount "127"]
[EventDate "1985.??.??"]
[Source "www.chesslib.no"]
[SourceDate "2004.05.04"]

1. e4 e5 2. Nf3 Nc6 3. Bb5 Nf6 4. O-O d6 5. d4 Bd7 6. Nc3 Be7 7. Re1 exd4 8. Nxd4 O-O 9. Bxc6 bxc6 10. Qf3 c5 11. Nf5 Bxf5 12. Qxf5 Qd7 13. Nd5 Rad8 14. Nxe7+ Qxe7 15. Bg5 Rfe8 16. Re3 Qe6 17. Qxe6 Rxe6 18. Bxf6 gxf6 19. Rae1 Rb8 20. b3 Rb4 21. c4 a5 22. Rg3+ Kh8 23. Ree3 a4 24. h4 axb3 25. axb3 Rb8 26. Kh2 h6 27. Rgf3 Rg8 28. Rf4 Kh7 29. Ref3 Kg7 30. Rg4+ Kf8 31. Rxg8+ Kxg8 32. Re3 Re5 33. Kg3 Kf8 34. Kg4 c6 35. Kf4 Ke7 36. g4 Ke6 37. Rd3 Kd7 38. Rd1 Re8 39. Kf5 Re5+ 40. Kf4 Re8 41. Kf5 Re5+ 42. Kxf6 Rxe4 43. Rg1 Rf4+ 44. Kg7 Ke7 45. h5 f6 46. g5 hxg5 47. Re1+ Kd7 48. Kg6 g4 49. Kg7 g3 50. fxg3 Rg4+ 51. Kxf6 Rxg3 52. Re7+ Kd8 53. Rg7 Rh3 54. Rg5 Kd7 55. Kg7 Rxb3 56. h6 Rh3 57. h7 d5 58. Kg6 Rxh7 59. Kxh7 dxc4 60. Rxc5 Kd6 61. Rxc4 Kd5 62. Rc1 c5 63. Kg6 c4 64. Kf5 1-0

[Event "Santiago Open"]
[Site "Santiago CHI"]
[Date "1995.??.??"]
[Round "?"]
[White "De la Riva Aguado, Oscar"]
[Black "Campora, Daniel H"]
[Result "0-1"]
[WhiteElo "2425"]
[BlackElo "2525"]
[PlyCount "82"]
[EventDate "1995.??.??"]
[Source "www.chesslib.no"]
[SourceDate "2004.05.04"]

1. e4 e5 2. Nf3 Nc6 3. Bb5 Nf6 4. O-O d6 5. d4 Bd7 6. Nc3 Be7 7. Re1 exd4 8. Nxd4 O-O 9. Bxc6 bxc6 10. Qf3 Re8 11. Bg5 h6 12. Bh4 Nh7 13. Bxe7 Qxe7 14. Qd3 c5 15. Nd5 Qd8 16. Nf3 Bc6 17. Rad1 Qb8 18. b3 Qb7 19. Nd2 a5 20. a4 Bxd5 21. Qxd5 Qxd5 22. exd5 Rxe1+ 23. Rxe1 Nf6 24. c4 Kf8 25. Kf1 Rb8 26. Ke2 Ng8 27. f4 Ne7 28. g4 c6 29. dxc6 Nxc6 30. Kf2 Nd4 31. Re3 f5 32. h3 Kf7 33. Nf3 fxg4 34. hxg4 Nxb3 35. Rc3 Rb4 36. Ke3 Ke6 37. Ne1 Nd4 38. f5+ Kd7 39. Nd3 Rxa4 40. Nf4 Ra1 41. Nh5 Rg1 0-1

[Event "Cappelle Open"]
[Site "Cappelle la Grande FRA"]
[Date "1994.??.??"]
[Round "6"]
[White "Dvoirys, Semen I"]
[Black "Dobrovolsky, Ladislav"]
[Result "1-0"]
[WhiteElo "2550"]
[BlackElo "2400"]
[PlyCount "117"]
[EventDate "1994.02.??"]
[Source "www.chesslib.no"]
[SourceDate "2004.05.04"]

1. e4 e5 2. Nf3 Nc6 3. Bb5 Nf6 4. O-O d6 5. d4 Bd7 6. Nc3 Be7 7. Re1 exd4 8. Nxd4 O-O 9. Bxc6 bxc6 10. Qf3 Re8 11. Bg5 h6 12. Bh4 Nh7 13. Bxe7 Qxe7 14. Rad1 Nf6 15. Qd3 Qe5 16. Qd2 Rab8 17. b3 Qc5 18. Re3 Re7 19. h3 Rbe8 20. Rde1 Qb4 21. Nf3 Qc5 22. Qd3 Nh5 23. Na4 Qa5 24. Qc3 Qxc3 25. Nxc3 f6 26. Nd4 Nf4 27. h4 d5 28. Na4 dxe4 29. Nc5 f5 30. Nxd7 Rxd7 31. Nxf5 Rf8 32. Ng3 Rd2 33. c4 Rxa2 34. Nxe4 a5 35. Nc5 Rf5 36. Re5 Rf7 37. Re8+ Kh7 38. R8e7 Rf5 39. R1e5 Nh3+ 40. gxh3 Rfxf2 41. Nd3 Rg2+ 42. Kf1 Rh2 43. Re2 Raxe2 44. Rxe2 Rxh3 45. Nc5 Rxh4 46. Re6 Rg4 47. Rxc6 h5 48. Rxc7 h4 49. Re7 h3 50. Re3 Rh4 51. Kg1 g5 52. Kh2 g4 53. Ne4 Kg6 54. Ng3 Rh8 55. Re4 Rb8 56. Rxg4+ Kh7 57. Rg5 Rxb3 58. Rxa5 Rc3 59. Rc5 1-0

[Event "19th Bad Wörishofen"]
[Site "Bad Wörishofen"]
[Date "2003.??.??"]
[Round "4"]
[White "Korneev, Oleg"]
[Black "Werner, Clemens"]
[Result "1-0"]
[WhiteElo "2613"]
[BlackElo "2334"]
[PlyCount "55"]
[EventDate "2003.03.13"]
[Source "Roberto Alvarez"]
[SourceDate "2003.03.17"]

1. e4 e5 2. Nf3 Nc6 3. Bb5 Nf6 4. O-O d6 5. d4 Bd7 6. Nc3 Be7 7. Bxc6 Bxc6 8. Qd3 exd4 9. Nxd4 Bd7 10. Bg5 O-O 11. Rad1 Re8 12. Rfe1 h6 13. Bh4 Nh7 14. Bxe7 Qxe7 15. Nd5 Qd8 16. h3 a6 17. f4 c6 18. Nc3 Qb6 19. Kh2 Rad8 20. Nce2 c5 21. Nb3 Bc6 22. Ng3 Qc7 23. Nf5 Re6 24. Nxc5 Rg6 25. Nb3 Nf6 26. Nbd4 d5 27. e5 Nh5 28. Qf3 1-0

[Event "zt 2.5 men"]
[Site "Asuncion"]
[Date "2003.09.15"]
[Round "2"]
[White "Pierrot, Facundo"]
[Black "Campora, Daniel Hugo"]
[Result "1/2-1/2"]
[WhiteElo "2417"]
[BlackElo "2510"]
[PlyCount "85"]
[EventDate "2003.09.13"]
[Source "Roberto Alvarez"]
[SourceDate "2003.09.29"]

1. e4 e5 2. Nf3 Nc6 3. Bb5 Nf6 4. O-O d6 5. d4 Bd7 6. Nc3 Be7 7. Bxc6 Bxc6 8. Qd3 exd4 9. Nxd4 Bd7 10. Bg5 O-O 11. Rfe1 Re8 12. Rad1 h6 13. Bh4 Ng4 14. Bxe7 Qxe7 15. h3 Ne5 16. Qg3 Qg5 17. Kh2 Rac8 18. Nd5 Qxg3+ 19. Kxg3 a6 20. f4 Nc6 21. Kf3 Nxd4+ 22. Rxd4 f5 23. g4 c5 24. Rd2 fxe4+ 25. Rxe4 Rxe4 26. Kxe4 Bc6 27. f5 Kf7 28. Kf4 Re8 29. Nc3 Re1 30. Rd1 Rxd1 31. Nxd1 b5 32. a3 a5 33. c3 Bd5 34. b4 axb4 35. axb4 g5+ 36. fxg6+ Kxg6 37. h4 Kf6 38. Nf2 Ke6 39. Ne4 Bc6 40. g5 hxg5+ 41. hxg5 cxb4 42. cxb4 Be8 43. Nc3 1/2-1/2